| 000 | 00744nam a2200205Ia 4500 | ||
|---|---|---|---|
| 005 | 20220920112654.0 | ||
| 008 | 210716s2010 xx 000 0 und d | ||
| 020 | _a9789350232361 | ||
| 040 | _cAIMIT LIBRARY | ||
| 041 | _aeng | ||
| 082 |
_a005.3622 _21 _bJORL |
||
| 100 |
_aJordan, Lee; _957975 |
||
| 245 |
_aWordpress 2.8 themes cookbook : _bover 100 simple but incredibly effective recipes for creating powerful custom wordpress themes / _cBy Lee Jordan and Nick Ohrn |
||
| 250 | _a1st ed. | ||
| 260 |
_aNew Delhi : _bShroff Publishers and Distributors Pvt Ltd , _c2010. |
||
| 300 |
_aiv;296,8 p. ; _c24 cm. |
||
| 650 |
_aSoftware System Analysis&Design _957976 |
||
| 700 |
_aOhrn, Nick. _957977 |
||
| 942 |
_2ddc _cBK _e1st _k005.3622 JORL |
||
| 999 |
_c194835 _d194835 |
||